Quantum Wells, Wires and Dots : Theoretical and Computational Physics of Semiconductor Nanostructures /
Guardado en:
| Autores principales: | , |
|---|---|
| Formato: | Libro |
| Lenguaje: | inglés |
| Publicado: |
Chichester
John Wiley
2016
|
| Edición: | 4th Ed. |
| Materias: | |
| Etiquetas: |
Sin Etiquetas, Sea el primero en etiquetar este registro!
|
MARC
| LEADER | 00000nam a22000003a 4500 | ||
|---|---|---|---|
| 001 | 0030009 | ||
| 003 | SK-STU | ||
| 005 | 20180112140137.0 | ||
| 007 | ta | ||
| 008 | 180112s ----xo-----e------000-0-----d | ||
| 020 | |a 978-1-118-92336-8 | ||
| 040 | |a STU |b slo | ||
| 041 | 0 | |a eng | |
| 044 | |a xxk | ||
| 100 | 1 | |a Harrison, Paul |4 aut | |
| 245 | 1 | 0 | |a Quantum Wells, Wires and Dots : |b Theoretical and Computational Physics of Semiconductor Nanostructures / |c aut. Paul Harrison, Alex Valavanis |
| 250 | |a 4th Ed. | ||
| 260 | |a Chichester |b John Wiley |c 2016 | ||
| 300 | |a 598 s. | ||
| 650 | 0 | 7 | |a teoretická fyzika |
| 650 | 0 | 7 | |a počítačová fyzika |
| 700 | 1 | |a Valavanis, Alex |4 aut | |
| 996 | |b 284M087569 |c M* 14067-1 |l MMKN |s A |a 24 |w 0030009_0001 | ||